Statistics for 100 Biggest U.S. Cities on a Map

Click here to take the quiz!

General Stats

  • This quiz has been taken 18,351 times
  • The average score is 59 of 100

Answers on the Map

Answers color-coded by a green-red scale on the quiz's map according to % correct below.
Loading ...
 

Answer Stats

Population City % Correct
8,550,405New York City
96%
3,971,883Los Angeles
95%
441,003Miami
95%
684,451Seattle
95%
2,720,546Chicago
94%
623,747Las Vegas
94%
667,137Boston
94%
1,300,092Dallas
93%
2,296,224Houston
93%
864,816San Francisco
91%
632,309Portland
90%
1,563,025Phoenix
89%
463,878Atlanta
89%
389,617New Orleans
89%
677,116Detroit
89%
682,545Denver
89%
1,394,928San Diego
88%
1,567,442Philadelphia
86%
672,228Washington
85%
475,378Kansas City
85%
352,769Honolulu
84%
853,173Indianapolis
83%
931,830Austin
83%
410,939Minneapolis
83%
270,934Orlando
82%
631,346Oklahoma City
82%
490,712Sacramento
81%
644,014Nashville
80%
369,075Tampa
79%
218,281Boise
78%
681,124El Paso
78%
868,031Jacksonville
77%
258,071Buffalo
77%
298,695Anchorage
76%
388,072Cleveland
76%
621,849Baltimore
75%
1,469,845San Antonio
75%
315,685St. Louis
74%
850,106Columbus
74%
655,770Memphis
73%
304,391Pittsburgh
73%
1,026,908San Jose
72%
600,155Milwaukee
72%
559,121Albuquerque
70%
300,851St. Paul
69%
298,550Cincinnati
68%
833,319Fort Worth
67%
827,097Charlotte
67%
241,445Reno
65%
228,590Baton Rouge
65%
451,066Raleigh
64%
419,267Oakland
63%
443,885Omaha
63%
456,568Colorado Springs
61%
220,289Richmond
59%
531,641Tucson
59%
615,366Louisville
59%
248,951Madison
57%
281,944Newark
56%
403,505Tulsa
56%
277,348Lincoln
56%
452,745Virginia Beach
51%
520,052Fresno
48%
389,965Wichita
47%
279,789Toledo
44%
324,074Corpus Christi
43%
264,290Jersey City
42%
474,140Long Beach
41%
350,742Anaheim
40%
257,083St. Petersburg
39%
373,640Bakersfield
37%
216,108San Bernardino
35%
471,825Mesa
35%
388,125Arlington
35%
314,488Lexington
35%
234,807North Las Vegas
34%
246,393Norfolk
34%
257,636Durham
32%
260,326Fort Wayne
30%
285,342Greensboro
29%
249,042Lubbock
29%
241,218Winston–Salem
28%
322,424Riverside
28%
285,667Henderson
25%
236,839Scottsdale
25%
255,473Laredo
24%
283,558Plano
21%
305,658Stockton
21%
256,927Irvine
21%
335,400Santa Ana
21%
240,126Glendale
20%
265,757Chula Vista
17%
236,607Irving
15%
235,429Chesapeake
15%
359,407Aurora
14%
260,828Chandler
14%
237,069Hialeah
13%
232,206Fremont
13%
236,897Garland
12%
247,542Gilbert
12%

Score Distribution

Percentile by Number Answered

Percent of People with Each Score

Your Score History

You have not taken this quiz